000 00448nmm a2200157Ia 4500
008 251105s9999||||xx |||||||||||||||||und||
020 _a9788431552459
041 _aspa
100 _aHoover, John
245 0 _aCómo trabajar para un idiota
264 _a[Madrid, España] :
_bDe Vecchi,
_c2000
300 _a0 páginas
650 _aSelf-help and personal development
856 _uhttps://public.digitaliapublishing.com/a/31149
942 _cCF
999 _c81647
_d81647